| 000 -LEADER |
| fixed length control field |
00492cam a22001337a 4500 |
| 008 - FIXED-LENGTH DATA ELEMENTS--GENERAL INFORMATION |
| fixed length control field |
180718b1982 xxu||||| |||| 00| 0 eng d |
| 082 ## - DEWEY DECIMAL CLASSIFICATION NUMBER |
| Classification number |
BA27x54 In2u |
| 100 ## - MAIN ENTRY--PERSONAL NAME |
| Personal name |
Natarajan, Nalini |
| 245 ## - TITLE STATEMENT |
| Title |
Under-privileged communities and their responses to development: three developing tribal communities in India, Asia |
| Statement of responsibility, etc. |
by Nalini Natarajan |
| 260 ## - PUBLICATION, DISTRIBUTION, ETC. |
| Place of publication, distribution, etc. |
New Delhi |
| Name of publisher, distributor, etc. |
Indian Institute of Public Administration |
| Date of publication, distribution, etc. |
1982 |
| 300 ## - PHYSICAL DESCRIPTION |
| Extent |
14p. |
| 650 ## - SUBJECT ADDED ENTRY--TOPICAL TERM |
| Topical term or geographic name entry element |
Tribes and Tribal System - India. |
| 700 ## - ADDED ENTRY--PERSONAL NAME |
| Personal name |
IIPA |